Timing matters: (Record no. 194741)

MARC details
000 -LEADER
fixed length control field 02639nam a22002057a 4500
005 - DATE AND TIME OF LATEST TRANSACTION
control field 20250207142505.0
008 - FIXED-LENGTH DATA ELEMENTS--GENERAL INFORMATION
fixed length control field 250207b |||||||| |||| 00| 0 eng d
040 ## - CATALOGING SOURCE
Transcribing agency LDD
100 ## - MAIN ENTRY--PERSONAL NAME
Personal name Hanham, Jose
245 ## - TITLE STATEMENT
Title Timing matters:
Remainder of title Unpacking the dynamics of project-based groups through exploring proxy efficacy and collective efficacy
260 ## - PUBLICATION, DISTRIBUTION, ETC.
Place of publication, distribution, etc. UK :
Name of publisher, distributor, etc. Elsevier,
Date of publication, distribution, etc. 2024.
300 ## - PHYSICAL DESCRIPTION
Other physical details p. 1-11
490 ## - Journal
Journal International Journal Of Educational Research
Volume/sequential designation Vol. 126
500 ## - GENERAL NOTE
General note Project-based learning (PjBL) is used in classrooms around the world. During PjBL projects, students develop shared beliefs about the capabilities of their groups (collective efficacy) and fellow group members (proxy efficacy). Currently, knowledge about how these shared beliefs are associated with the performances of PjBL groups is limited. The central question addressed in this study concerns what role do collective efficacy and proxy efficacy beliefs have in the performances of PjBL groups completing science projects in school settings? Participants were 252 (46 female, 206 male) Grade 8 science students at two Catholic high schools in Sydney, Australia, randomly assigned to one of 63 project groups. Within each group, students were randomly assigned to one of 4 roles – coordinator, fixer, checker, or communicator. Data were self-reports and teacher summative assessments. Data collection occurred three times over a five-week period. Multilevel modelling was used to examine relationships between the study variables. This study found that proxy efficacy beliefs regarding the coordinator and communicator at the project midpoint had statistically significant associations with the performance of PjBL groups. It was also found that collective efficacy for group performance at Time 3 was associated with the performance of PjBL groups on the summative task. These findings provide novel insights into the role of efficacy beliefs in the performance of PjBL groups. A key takeaway is that beliefs about group members’ capabilities to fulfill their roles are important in the developing stages of projects, with shared beliefs about the group's capabilities for high achievement becoming important in the latter stages of projects. As such, these findings should provide educators with information about when they should nurture certain types of efficacy beliefs over the duration of PjBL projects.<br/>
650 ## - SUBJECT ADDED ENTRY--TOPICAL TERM
Topical term or geographic name entry element Project-Based Learning
650 ## - SUBJECT ADDED ENTRY--TOPICAL TERM
Topical term or geographic name entry element Proxy Efficacy
700 ## - ADDED ENTRY--PERSONAL NAME
Personal name Hendry, Adam
856 ## - ELECTRONIC LOCATION AND ACCESS
Link text click here to access online
Uniform Resource Identifier <a href="https://www.sciencedirect.com/science/article/pii/S0883035524000739">https://www.sciencedirect.com/science/article/pii/S0883035524000739</a>
942 ## - ADDED ENTRY ELEMENTS (KOHA)
Source of classification or shelving scheme Dewey Decimal Classification
Koha item type Article
Holdings
Date last seen Total checkouts Price effective from Koha item type Lost status Source of classification or shelving scheme Damaged status Not for loan Withdrawn status Home library Current library Date acquired
02/07/2025   02/07/2025 Article   Dewey Decimal Classification       Library and Documentation Division NCERT Library and Documentation Division NCERT 02/07/2025